00477cam a22001692 4500001001100000005001700011008004100028020001700069040001500086100003300101245004700134250001300181260004100194300002900235650004000264852000300304000002436420151217155236.0130909s xx 000 0 eng d a1416059516 : aKABUcKABU1 aNetter, Frank H.@000018438410aAtlas of human anatomy /cFrank H. Netter. a5th ed. aPhiladelphia, PA :bSaunders,c2011. a1 v. (various pagings) ; 0aHuman anatomyxAtlases.@00001801881